Регионална библиотека "Любен Каравелов" - Русе

Dictionnaire des proverbes, sentences et maximes (Запис номер 38362)

MARC детайли
000 -Лидер
Контролно поле с фиксирана дължина 01080nam a2200349 c 4500
003 - Код на организацията, давaща контролен номер
Контролно поле BLK
005 - Дата и час на последна редакция
Контролно поле 20180420221050.0
008 - Елементи от данни с фиксирана дължина
fixed length control field 180408b bul|||||r ||||||| ||bul||
010 ## - Наследен системен номер
LC control number KNG00041577000
020 ## - Международен стандартен номер на книга ISBN
Международен стандартен номер на книга ISBN 2-03-710210-0
-- издат.: Larousse
040 ## - Източник на каталожния запис
Идентификатор на билиотеката - собственик на записа BLK
041 ## - Код за език
Код за езика на текст/звукозапис или на отделно заглавие Френски
Код за езика КДБФ Френски
080 ## - УДК
Текстов определител УДК Пословици и поговорки. Вицове
УДК код - определител по УДК 398.9
УДК определител (03)
УДК - код + определител 398.9(03)
100 1# - Редна дума - Автор
Автор Maloux, Maurice
Авторска отговорност първи автор
R(LIN) 17681
139 ## - Редно поле
Редна дума Maloux, Maurice
Авторски знак Malo - M 22
245 10 - Сведения за заглавието
Заглавие Dictionnaire des proverbes, sentences et maximes
Редно поле (дума) Maurice Maloux.
257 ## - Страна на издаване
Страна на създаване/издаване Франция
260 ## - Област на издателските данни
-- Paris
Име на издателя, разпространителя и проч. Larousse
Година на издаване 1991
300 ## - Физическа характеристика
Страници 628 c.
Размери/Мащаб 18 cm
380 ## - Жанр
Жанр Обществени науки
490 1# - СЕРИИ (Колекции)
Име на серия References Larousse langue francaise
650 #4 - Допълнително описание по предмет – тема
Основно описание – тема или топоним Пословици, френски - речници
9 (RLIN) 276134
653 ## - Ключова дума – ненормативна
Ключова дума пословици
653 ## - Ключова дума – ненормативна
Ключова дума поговорки
653 ## - Ключова дума – ненормативна
Ключова дума максими
653 ## - Ключова дума – ненормативна
Ключова дума речници
852 ## - Местоположение
Форматна сигнатура Цб І 26638
856 4# - Електронен адрес и достъп
Електронен формат pdf - файл
Път до файла /url/
856 4# - Електронен адрес и достъп
Електронен формат pdf - файл
Път до файла /url/
942 ## - АРТИКУЛИ
Вид на библиотечния материал Книги
Скрит в OPAC Не
944 ## - СЪЗДАВАНЕ И РЕДАКЦИЯ на ЗАПИСА
Създаване/Редакция Създаване
Дата на регистрацията/редакция 15.01.2003
Служител, извършил регистрацията/редакцията Диана_Димитрова
944 ## - СЪЗДАВАНЕ И РЕДАКЦИЯ на ЗАПИСА
Създаване/Редакция Редакция
Дата на регистрацията/редакция 23.05.2013
Служител, извършил регистрацията/редакцията
999 ## - СИСТЕМНИ КОНТРОЛНИ НОМЕРА
Koha biblionumber 38362
Koha biblioitemnumber 38362
Наличности
Код за отписване Код за изгубен артикул Източник на класификационната схема Код за повреда Коз за рестрикции Код за отдаване Артикулен № Име на библиотеката - собственик Име на библиотеката, в която се намира в момента Статус (Текущо местоположение) Дата на вписване в системата Местоположение - отдел Цена в лева Инвентарен номер Систематично азбучна сигнатура Баркод Номер на екземпляра Цена в евро Служебна бележка Служебен тип на артикула
  Не е изгубен Universal Decimal Classification Не е повреден без рестрикции ползва се в читалня 60162 Регионална библиотека "Любен Каравелов" Русе Регионална библиотека "Любен Каравелов" Русе Читалня 4 - справочен фонд 2001-01-01 Читалня 4 - справочен фонд 0.00 583018 C4 398/M22M 583018 1 0.00 Дата инв: 12.06.2017 Бележки инв: С42017 Книги
Vip Innovations Ltd, Rousse, Bulgaria 2025